| 000 | 00829nam a22003134a 4500 | ||
|---|---|---|---|
| 001 | UByD003061 | ||
| 003 | AR-LpoUNG | ||
| 005 | 20240816110943.0 | ||
| 008 | 240809s2011||||ag a b 000|1 spa d | ||
| 020 | _a9789875798854 | ||
| 040 |
_aAR-LpoUNG _bspa _cAR-LpoUNG _eaacr |
||
| 041 | 0 | _aspa | |
| 044 | _aag | ||
| 082 | 0 | _a808.068 3 562cue | |
| 100 | 1 | _aShua, Ana María | |
| 245 | 1 | 0 | _aCuentos de la Patagonia |
| 250 | _a1ra. ed. | ||
| 260 |
_aBuenos Aires : _bEl Gato de Hojalata, _c2011. |
||
| 300 |
_a59 p. : _bil. |
||
| 505 | 0 | _aSugerido a partir de 8 años (etiqueta CELESTE) | |
| 650 | 4 | _aCUENTOS | |
| 650 | 4 | _aLITERATURA | |
| 653 | 0 | _aLITERATURA INFANTIL | |
| 700 | 1 | _aFabrykant, Gabriela | |
| 700 | 1 | _aFabrykant, Paloma | |
| 700 | 1 |
_aLicciardo, María _eil. |
|
| 905 | _a50234 | ||
| 942 |
_cLIB _2ddc |
||
| 999 |
_c65652 _d65652 |
||